[Event "Hillerod CC 1617 C"]
[Site "Hillerod"]
[Date "2017.02.07"]
[Round "5"]
[White "Wennerberg, Thien"]
[Black "Eldor, Finn"]
[Result "0-1"]
[WhiteElo "1052"]
[BlackElo "1356"]
[PlyCount "62"]
[EventDate "2016.12.13"]
[EventType "tourn"]
[EventRounds "9"]
[EventCountry "DEN"]
[SourceTitle "EXT 2023"]
[Source "ChessBase"]
[SourceDate "2022.10.05"]
[SourceVersion "1"]
[SourceVersionDate "2022.10.05"]
[SourceQuality "1"]

1. Nf3 c5 2. b3 Nc6 3. Bb2 Nf6 4. d4 cxd4 5. Nxd4 e5 6. Nxc6 bxc6 7. Bxe5 Be7 8. e3 0-0 9. Nd2 d6 10. Bc3 d5 11. Bd3 Re8 12. 0-0 Bd6 13. Re1 Qc7 14. Nf3 Ne4 15. Bxe4 dxe4 16. Qd4 f6 17. Nd2 Bf5 18. Ba5 Bxh2+ 19. Kh1 Qxa5 20. g3 Rad8 21. Qc4+ Be6 22. Qxe4 Bh3 23. Qg2 Bxg2+ 24. Kxg2 Qxd2 25. Rh1 Bxg3 26. Kxg3 Qxc2 27. Rh4 Re5 28. Rc4 Qf5 29. Rf4 Qg6+ 30. Kf3 Qh5+ 31. Rg4 f5 0-1

[Event "Hillerod CC 1617 C"]
[Site "Hillerod"]
[Date "2017.01.10"]
[Round "3"]
[White "Agerso, Sebastian"]
[Black "Wennerberg, Thien"]
[Result "0-1"]
[WhiteElo "1000"]
[BlackElo "1052"]
[PlyCount "86"]
[EventDate "2016.12.13"]
[EventType "tourn"]
[EventRounds "9"]
[EventCountry "DEN"]
[SourceTitle "EXT 2023"]
[Source "ChessBase"]
[SourceDate "2022.10.05"]
[SourceVersion "1"]
[SourceVersionDate "2022.10.05"]
[SourceQuality "1"]

1. e4 c5 2. Nf3 d6 3. Bc4 a6 4. 0-0 b5 5. Bd5 Ra7 6. d3 Bb7 7. Be3 Bxd5 8. exd5 Rc7 9. Nbd2 Nf6 10. b4 Nxd5 11. bxc5 Nxe3 12. fxe3 Rxc5 13. c4 g6 14. d4 Rc7 15. cxb5 Bh6 16. Qe2 Qd7 17. bxa6 Rc3 18. Rab1 0-0 19. Qb5 Qxb5 20. Rxb5 Nxa6 21. Kh1 Bxe3 22. Ra5 Nb4 23. Re1 Rfc8 24. Nf1 Bf2 25. Rxe7 Rc1 26. N3d2 Nc6 27. Re2 Nxa5 28. Rxf2 Nc4 29. Nxc4 R8xc4 30. d5 R4c2 31. Kg1 Rxf2 32. Kxf2 Rc2+ 33. Ke3 Rc4 34. Nd2 Rg4 35. g3 Kf8 36. Kf3 Rd4 37. Nb3 Rxd5 38. Ke4 Rg5 39. a4 Rg4+ 40. Kd5 Rxa4 41. Kxd6 h5 42. h4 Ra3 43. Nd4 Rxg3 0-1

[Event "Hillerod CC 1617 C"]
[Site "Hillerod"]
[Date "2016.12.27"]
[Round "2"]
[White "Wennerberg, Thien"]
[Black "Nielsen, Benny"]
[Result "1/2-1/2"]
[WhiteElo "1052"]
[BlackElo "1303"]
[PlyCount "52"]
[EventDate "2016.12.13"]
[EventType "tourn"]
[EventRounds "9"]
[EventCountry "DEN"]
[SourceTitle "EXT 2023"]
[Source "ChessBase"]
[SourceDate "2022.10.05"]
[SourceVersion "1"]
[SourceVersionDate "2022.10.05"]
[SourceQuality "1"]

1. e4 e5 2. Nf3 Nc6 3. c3 Nf6 4. d4 exd4 5. e5 Nd5 6. c4 Ndb4 7. a3 Na6 8. Nxd4 Nxe5 9. Qe2 Be7 10. Qxe5 0-0 11. Nf5 Bf6 12. Qg3 Re8+ 13. Be2 d6 14. Nh6+ Kf8 15. Ng4 Be5 16. Nxe5 Rxe5 17. Nc3 Nc5 18. Bf4 Ne4 19. Nxe4 Rxe4 20. f3 Re8 21. Rd1 Qf6 22. Rd2 Bf5 23. 0-0 Re6 24. Qg5 Qxg5 25. Bxg5 f6 26. Bf4 Rae8 1/2-1/2

[Event "Hillerod CC 1617 C"]
[Site "Hillerod"]
[Date "2016.12.04"]
[Round "9"]
[White "Wennerberg, Thien"]
[Black "Hein, Jacob"]
[Result "0-1"]
[WhiteElo "1052"]
[BlackElo "1424"]
[PlyCount "136"]
[EventDate "2016.12.13"]
[EventType "tourn"]
[EventRounds "9"]
[EventCountry "DEN"]
[SourceTitle "EXT 2023"]
[Source "ChessBase"]
[SourceDate "2022.10.05"]
[SourceVersion "1"]
[SourceVersionDate "2022.10.05"]
[SourceQuality "1"]

1. e4 e5 2. Nf3 Nf6 3. Nxe5 d6 4. Nxf7 Kxf7 5. d4 Nxe4 6. Qh5+ Kf6 7. Qh4+ g5 8. Qxe4 Qe7 9. Qxe7+ Bxe7 10. Bc4 c6 11. Nc3 Re8 12. 0-0 b5 13. Ne4+ Kg6 14. Bd3 Bf5 15. Re1 Bf8 16. Bxg5 d5 17. Nf6 Rxe1+ 18. Rxe1 Bxd3 19. cxd3 Na6 20. h4 h6 21. Bd2 Kxf6 22. Rc1 Rc8 23. f4 Kf5 24. g3 Bb4 25. Be3 Ba5 26. a3 b4 27. Kf2 Bb6 28. Kf3 h5 29. Rg1 Rg8 30. Bd2 Bxd4 31. Rc1 c5 32. axb4 cxb4 33. Rc6 Nc5 34. Bxb4 Nxd3 35. Bc3 Bf2 36. Ke2 Rxg3 37. Rd6 Ke4 38. Re6+ Kxf4 39. Be5+ Nxe5 40. Kxf2 Ng4+ 41. Kf1 Kf3 42. Ke1 Rg1+ 43. Kd2 d4 44. Re7 a6 45. Ra7 Nf6 46. Rf7 Rg6 47. Kd3 Kg3 48. Kxd4 Kxh4 49. Ke5 Ng4+ 50. Kf5 Nh6+ 51. Kxg6 Nxf7 52. Kxf7 Kg3 53. Ke6 a5 54. Kd5 h4 55. Kc4 h3 56. Kb5 h2 57. Kxa5 h1Q 58. b4 Qa8+ 59. Kb5 Kf4 60. Kc4 Qc6+ 61. Kb3 Qb5 62. Kc3 Ke5 63. Kb3 Kd4 64. Ka3 Kc3 65. Ka2 Qxb4 66. Ka1 Qa5+ 67. Kb1 Qa8 68. Kc1 Qh1# 0-1

[Event "Hillerod Byturnering E"]
[Site "Hillerod"]
[Date "2016.06.14"]
[Round "7"]
[White "Wennerberg, Thien"]
[Black "Svendsen, Per"]
[Result "0-1"]
[WhiteElo "1100"]
[BlackElo "1189"]
[PlyCount "110"]
[EventDate "2016.04.26"]
[EventType "swiss"]
[EventRounds "7"]
[EventCountry "DEN"]
[SourceTitle "EXT 2024"]
[Source "ChessBase"]
[SourceDate "2023.10.10"]
[SourceVersion "1"]
[SourceVersionDate "2023.10.10"]
[SourceQuality "1"]

1. e4 e5 2. Bb5 Bc5 3. Nf3 Qf6 4. d3 h6 5. Bd2 c6 6. Ba4 d6 7. b4 Bb6 8. b5 Bg4 9. c3 Ne7 10. Be3 Bxe3 11. fxe3 0-0 12. Nbd2 d5 13. Qe2 Nd7 14. Nb3 Nb6 15. Nc5 Bxf3 16. Qxf3 Qxf3 17. gxf3 Nxa4 18. Nxa4 cxb5 19. Nc5 Rfc8 20. d4 b6 21. Nd7 dxe4 22. fxe4 Rxc3 23. Nxe5 Rxe3+ 24. Kd2 Rxe4 25. Kd3 Rf4 26. Rab1 Rd8 27. Rb4 Nf5 28. Nc6 Rd7 29. Re1 a5 30. Re8+ Kh7 31. Rxb5 Nxd4 32. Nxd4 Rfxd4+ 33. Ke3 Rd3+ 34. Kf4 R7d4+ 35. Ke5 f6+ 36. Ke6 Re3+ 37. Kf7 Rd7+ 38. Kf8 Rxe8+ 39. Kxe8 Rb7 40. a4 g5 41. Rf5 Kg6 42. Rd5 g4 43. Kd8 f5 44. Kc8 Rf7 45. Rd6+ Rf6 46. Rd2 Kg5 47. Rf2 h5 48. Kd7 h4 49. Ke7 f4 50. Rf1 f3 51. Rf2 Rf4 52. Ke6 g3 53. hxg3 hxg3 54. Rd2 f2 55. Rd5+ Kg4 0-1

[Event "Hillerod Byturnering E"]
[Site "Hillerod"]
[Date "2016.05.24"]
[Round "4"]
[White "Wennerberg, Thien"]
[Black "Holm, Erik"]
[Result "0-1"]
[WhiteElo "1100"]
[BlackElo "1368"]
[PlyCount "64"]
[EventDate "2016.04.26"]
[EventType "swiss"]
[EventRounds "7"]
[EventCountry "DEN"]
[SourceTitle "EXT 2024"]
[Source "ChessBase"]
[SourceDate "2023.10.10"]
[SourceVersion "1"]
[SourceVersionDate "2023.10.10"]
[SourceQuality "1"]

1. e4 e5 2. Nf3 Nc6 3. Bc4 Nf6 4. Nc3 Be7 5. h3 0-0 6. d3 d6 7. Be3 Na5 8. Bd5 c6 9. Bb3 Nxb3 10. axb3 Qc7 11. Ra4 b5 12. Ra2 d5 13. Qe2 d4 14. Nxd4 exd4 15. Bxd4 c5 16. Bxf6 Bxf6 17. Nxb5 Qb6 18. c4 a6 19. Qh5 Be6 20. 0-0 axb5 21. Rxa8 Rxa8 22. e5 Be7 23. f4 f5 24. exf6 Bxf6 25. f5 Bf7 26. Qf3 Rb8 27. Qe4 bxc4 28. bxc4 Qxb2 29. Qc6 Qd4+ 30. Kh2 Qxd3 31. Qc7 Re8 32. Kg1 Bd4+ 0-1